|
|
|
|
| LEADER |
00698nab a2200157 i 4500 |
| 001 |
delm54053 |
| 005 |
20180927141913.0 |
| 008 |
180927s1959 hu o 0|| hun d |
| 040 |
|
|
|a SZTE Délmagyarország Archívum
|b hun
|
| 041 |
|
|
|a hun
|
| 100 |
1 |
|
|a Liebmann Béla
|
| 245 |
1 |
2 |
|a A munkásnemzetőrség jegyében. Vietnámi, német és indonéz küldöttség látogatott Szegedre
|h [elektronikus dokumentum] /
|c Liebmann Béla
|
| 260 |
|
|
|c 1959-03-24
|
| 300 |
|
|
|a 3
|
| 490 |
0 |
|
|a Délmagyarország
|
| 695 |
|
|
|a Komócsin Mihály ifj., Pártközi kapcsolatok kommunista vietnami-magyar 1959, Pártközi kapcsolatok kommunista indonéz-magyar 1959, Pártközi kapcsolatok kommunista NDK-magyar 1959, Külföldi vendég
|